书目信息 |
| 题名: |
现代自然科学浅说
|
|
| 作者: | 韦斯柯夫 著 ;袁同均 译 | |
| 分册: | ||
| 出版信息: | 天津 天津科学技术出版社 1984.6 |
|
| 页数: | 270页 | |
| 开本: | 20cm | |
| 丛书名: | ||
| 单 册: | ||
| 中图分类: | N1 | |
| 科图分类: | ||
| 主题词: | 自然科学--现状 , 自然科学--概况 | |
| 电子资源: | ||
| ISBN: | ||
| 000 | 00650nam0 2200229 45 | |
| 001 | 0312221749 | |
| 005 | 20040517104746.0 | |
| 010 | @dCNY0.85 | |
| 091 | @a13212.76 | |
| 100 | @a20031222d1984 km y0chiy0120 ea | |
| 101 | @achi | |
| 105 | @a z 000yy | |
| 200 | 1 | @a现代自然科学浅说@AXian Dai Zi Ran Ke Xue Qian Shuo@f(美)韦斯柯夫著@F(Mei)Wei Si Ke Fu Zhu@g袁同均等译 |
| 210 | @a天津@c天津科学技术出版社@d1984.6 | |
| 215 | @a270页@d20cm | |
| 606 | 0 | @a自然科学@x现状 |
| 606 | 0 | @a自然科学@x概况 |
| 690 | @aN1@v3 | |
| 701 | 0 | @a韦斯柯夫@4著 |
| 702 | 0 | @a袁同均@4译 |
| 801 | @aCN@bTSTCL@c20031222 | |
| 905 | @dN1@e22@f2@b125413-414@f1@b125415 | |
| 现代自然科学浅说/(美)韦斯柯夫著/袁同均等译.-天津:天津科学技术出版社,1984.6 |
| 270页;20cm |
| ISBN :CNY0.85 |
| ● |
| 相关链接 |
|
|
|
|
正题名:现代自然科学浅说
索取号:N1/22
 
预约/预借
| 序号 | 登录号 | 条形码 | 馆藏地/架位号 | 状态 | 备注 |
| 1 | 0125413 | 000565515 | 第三借阅区/ [索取号:N1/22] | 在馆 | |
| 2 | 0125414 | 000566293 | 第三借阅区/ [索取号:N1/22] | 在馆 | |
| 3 | 0125415 | 000565524 | 第三借阅区/ [索取号:N1/22] | 在馆 | |
| 4 | 0125417 | 202094303 | 第二样本阅览室/ [索取号:N1/22] | 在馆 |